000 00464nam a2200169Ia 4500
008 230917s9999||||xx |||||||||||||| ||und||
020 _cRS595
040 _e222080
_aMAIN
041 _aEnglish
082 _a338.4791 D642I
100 _aDixit, Saurabh
245 0 _aInformation technology in tourism
260 _aNew Delhi
_bAPH Publishing Corporation
_c2012
300 _avii, 200 p.
500 _a1800 07/01/2015 IBS185 20/01/2015 Main Budget
942 _cBK
999 _c13364
_d13364